España en la poesía del Perú : (Record no. 179994)
[ view plain ]
| 000 -LEADER | |
|---|---|
| campo de control de longitud fija | 01026nab a2200241 i 4500 |
| 001 - NÚMERO DE CONTROL | |
| campo de control | 179994 |
| 003 - IDENTIFICADOR DE NÚMERO DE CONTROL | |
| campo de control | ES-MaACL |
| 005 - FECHA Y HORA DE LA ÚLTIMA TRANSACCIÓN | |
| campo de control | 20250827063230.0 |
| 008 - DATOS DE LONGITUD FIJA--INFORMACIÓN GENERAL | |
| campo de control de longitud fija | 120313s1913 sp 000 0 spa d |
| 100 1# - ENTRADA PRINCIPAL--NOMBRE DE PERSONA | |
| Nombre de persona | Cáceres, Zoila Aurora, |
| Fechas asociadas al nombre | 1877-1958 |
| Término indicativo de función/relación | Autor |
| 9 (RLIN) | 33338 |
| 245 10 - MENCIÓN DEL TÍTULO | |
| Título | España en la poesía del Perú : |
| Resto del título | [conferencia leída en el Ateneo de Madrid] / |
| Mención de responsabilidad, etc. | por Aurora Cáceres (Evangelina) ; [presentación de la señora Cáceres al Ateneo por Segismundo Moret]. |
| 300 ## - DESCRIPCIÓN FÍSICA | |
| Extensión | Páginas 31-47 |
| 594 ## - Nota al título y mención de responsabilidad | |
| a | Precede al título: Conferencias del Ateneo de Madrid, 1912 |
| 599 ## - NOTA A LAS ILUSTRACIONES | |
| NOTA A LAS ILUSTRACIONES | Retrato de la autora en portada |
| 610 24 - PUNTO DE ACCESO ADICIONAL DE MATERIA--NOMBRE DE ENTIDAD CORPORATIVA | |
| Nombre de entidad corporativa o nombre de jurisdicción como elemento de entrada | Ateneo de Madrid- |
| Subdivisión de forma | Conferencias- |
| Subdivisión cronológica | 1900-1939 |
| 9 (RLIN) | 1907 |
| 650 #7 - PUNTO DE ACCESO ADICIONAL DE MATERIA--TÉRMINO DE MATERIA | |
| Término de materia o nombre geográfico como elemento de entrada | Poesía peruana- |
| Subdivisión cronológica | S.XX |
| 9 (RLIN) | 144034 |
| 655 #0 - TERMINO DE INDIZACIÓN--GENERO/FORMA | |
| Datos o término principal de género/forma | Conferencias |
| 9 (RLIN) | 234444 |
| 700 1# - ENTRADA AGREGADA--NOMBRE PERSONAL | |
| Nombre de persona | Moret, Segismundo, |
| Fechas asociadas al nombre | 1833-1913 |
| Término indicativo de función/relación | presentador |
| 9 (RLIN) | 162747 |
| 773 0# - ASIENTO DE ITEM FUENTE | |
| Título | La Palabra : revista taquigráfica, |
| Número Internacional Normalizado para Publicaciones Seriadas | ISSN 2479-7723, |
| Parte(s) relacionada(s) | 1 enero 1913, n. 1, p. 31-47 |
| Número bibliográfico anfitrión | 2879 |
| Número de control del registro | 2879 |
| Número de ítem anfitrión | 2987 |
| 942 ## - ELEMENTOS DE ENTRADA SECUNDARIOS (KOHA) | |
| Tipo de ítem Koha | Artículo de revista |
| Fuente del sistema de clasificación o colocación | Clasificación decimal universal |
| Suprimir en OPAC | No |
No items available.
